| 000 | 00391nam a22001337a 4500 | ||
|---|---|---|---|
| 005 | 20140103133159.0 | ||
| 008 | 140103b xxu||||| |||| 00| 0 eng d | ||
| 050 |
_aBR1750.B34 _bG227 1999 |
||
| 100 |
_aMoss, Gardner _96497 |
||
| 245 |
_aBalthasar at the end of Modernity _cMoss, Gardner |
||
| 260 |
_aEdinburgh _bT and T Clark _c1999 |
||
| 300 |
_axi, 191p. ; _c24cm. |
||
| 942 |
_2lcc _cMONOGRAPH |
||
| 999 |
_c119498 _d119498 |
||